000 00246nam a2200109Ia 4500
008 200302s9999 xx 000 0 und d
100 _aDmund N Bacon
245 _adesign of cities
260 _bThames and Hudson
260 _c1910
300 _a336 P.,
999 _c133
_d133